Die Gemaldegalerie des Kaiser-Friedrich-Museums (Record no. 7702)

MARC details
000 -CABECERA
campo de control de longitud fija 00961nam a2200265 a 4500
001 - NÚMERO DE CONTROL
campo de control BRCA_8033
005 - FECHA Y HORA DE LA ÚLTIMA TRANSACCIÓN
campo de control 20190320210114.0
008 - DATOS DE LONGITUD FIJA--INFORMACIÓN GENERAL
campo de control de longitud fija 240314s1911----gw-a###f##---#001-0#ger-#
041 ## - CÓDIGO DE LENGUA
Código de lengua del texto/banda sonora o título independiente ger
044 ## - CÓDIGO DEL PAÍS DE LA ENTIDAD EDITORA/PRODUCTORA
Código MARC del país gw
050 #4 - SIGNATURA TOPOGRÁFICA DE LA BIBLIOTECA DEL CONGRESO
Número de clasificación N2230
Número de documento/Ítem .G46 1911
245 10 - MENCIÓN DE TÍTULO
Título Die Gemaldegalerie des Kaiser-Friedrich-Museums
Resto del título vollstandiger beschreibender katalog mit Abbildungen samtlicher Gemalde. Im Auftrag des Generaldirektors der Koniglich en Museen
Mención de responsabilidad, etc. bearbeitet von Hans Posse.
260 ## - PUBLICACIÓN, DISTRIBUCIÓN, ETC.
Lugar de publicación, distribución, etc. Berlín
Nombre del editor, distribuidor, etc. J. Bard
Fecha de publicación, distribución, etc. 1911
300 ## - DESCRIPCIÓN FÍSICA
Extensión xx, 414 p.
Otras características físicas il., 776 láminas
Dimensiones 26 cm.
500 ## - NOTA GENERAL
Nota general Ver también Y8
500 ## - NOTA GENERAL
Nota general Y17
505 0# - NOTA DE CONTENIDO CON FORMATO
Nota de contenido con formato Contenido: Die Germanischen Lander Deutschland, Niederlande, England
610 24 - PUNTO DE ACCESO ADICIONAL DE MATERIA--NOMBRE DE ENTIDAD CORPORATIVA
Nombre de entidad corporativa o nombre de jurisdicción como elemento de entrada Gemäldegalerie (Berlín)
9 (RLIN) 18671
650 14 - PUNTO DE ACCESO ADICIONAL DE MATERIA--TÉRMINO DE MATERIA
Término de materia o nombre geográfico como elemento de entrada Pintura
Subdivisión geográfica Berlín
9 (RLIN) 19365
650 14 - PUNTO DE ACCESO ADICIONAL DE MATERIA--TÉRMINO DE MATERIA
Término de materia o nombre geográfico como elemento de entrada Galerías y museos
Subdivisión geográfica Alemania
9 (RLIN) 5059
700 1# - PUNTO DE ACCESO ADICIONAL--NOMBRE DE PERSONA
Nombre de persona Posse, Hans
Término indicativo de función/relación ed.
9 (RLIN) 19964
710 2# - PUNTO DE ACCESO ADICIONAL--NOMBRE DE ENTIDAD CORPORATIVA
Nombre de entidad corporativa o nombre de jurisdicción como elemento de entrada Kaiser Friedrich-Museum (Berlín)
9 (RLIN) 19142
902 ## - CATALOGADOR
Iniciales GFM
942 ## - ELEMENTOS DE PUNTO DE ACCESO ADICIONAL (KOHA)
Fuente del sistema de clasificación o colocación Library of Congress Classification
Tipo de ítem Koha Libros
Holdings
Estado de retiro Estado de pérdida Estado dañado No para préstamo Localización permanente Ubicación/localización actual Fecha de adquisición Número de inventario Total de préstamos Signatura topográfica completa Código de barras Fecha visto por última vez Precio válido a partir de Tipo de ítem Koha
El ejemplar forma parte de la colección y puede ser consultado según las políticas vigentes.       Biblioteca del Museo Franz Mayer (Rogerio Casas-Alatriste) Biblioteca del Museo Franz Mayer (Rogerio Casas-Alatriste) 24/03/2014 Y17   N2230 .G46 1911 (Y17) 8657 22/03/2019 22/03/2019 Libros